Educational research in practice : making sense of methodology / (Record no. 938)

000 -LEADER
fixed length control field 01133nam a22002057a 4500
003 - CONTROL NUMBER IDENTIFIER
control field OSt
005 - DATE AND TIME OF LATEST TRANSACTION
control field 20140116120841.0
008 - FIXED-LENGTH DATA ELEMENTS--GENERAL INFORMATION
fixed length control field 120618t xxu||||| |||| 00| 0 eng d
020 ## - INTERNATIONAL STANDARD BOOK NUMBER
International Standard Book Number 9780826432742 (e)
050 ## - LIBRARY OF CONGRESS CALL NUMBER
Classification number LB1028.E49 2004
245 ## - TITLE STATEMENT
Title Educational research in practice : making sense of methodology /
Statement of responsibility, etc edited by Joanna Swann and John Pratt.
260 ## - PUBLICATION, DISTRIBUTION, ETC. (IMPRINT)
Place of publication, distribution, etc London ; New York :
Name of publisher, distributor, etc Continuum International Publishing,
Date of publication, distribution, etc 2004.
300 ## - PHYSICAL DESCRIPTION
Extent 241p.
Other physical details e-resource, no physical copies.
505 ## - FORMATTED CONTENTS NOTE
Formatted contents note Contents - Acknowledgements - Part I: An Introduction to Educational Research in Practice - Part II: Different Approaches to Educational Research - Part III: Dialogues from a Research Community - Part IV: Educational Research in Practice - Glossary: a Popperian view of some important research terms and their usage - Contributors - Index.
650 ## - SUBJECT ADDED ENTRY--TOPICAL TERM
Topical term or geographic name as entry element Education -- Research -- Methodology.
700 ## - ADDED ENTRY--PERSONAL NAME
Personal name Swann, Joanna.
700 ## - ADDED ENTRY--PERSONAL NAME
Personal name Pratt, John .
856 ## - ELECTRONIC LOCATION AND ACCESS
Materials specified Click here to access e-book:
Uniform Resource Identifier <a href="http://site.ebrary.com/lib/riara/docDetail.action?docID=10250726&adv.x=1&p00=educational+research&f00=title">http://site.ebrary.com/lib/riara/docDetail.action?docID=10250726&adv.x=1&p00=educational+research&f00=title</a>
942 ## - ADDED ENTRY ELEMENTS (KOHA)
Source of classification or shelving scheme
Koha item type Electronic Book
Holdings
Withdrawn status Lost status Source of classification or shelving scheme Damaged status Not for loan Home library Current library Date acquired Total Checkouts Full call number Date last seen Price effective from Koha item type
          Riara University Library Riara University Library 18/06/2012   LB1028.E49 2004 18/06/2012 18/06/2012 Electronic Book

Riara University Library,
P.O. Box 49940-00100,
Nairobi, Kenya.